000 01249nam a2200253 a 4500
003 BLK
005 20240701102648.0
008 220204b bu |||||r|||| 00| | bu d
020 _a9786192203696
040 _aBLK
041 _aBUL
_cBUL
080 _aБългарска литература
_b821.163.2
_x-32(082)
_z821.163.2-32(082)
245 _aСтъпки 2022
_bСборник с разкази от курс по творческо писане на Здравка Евтимова
257 _aBGR
260 _9389463
_aСофия
_bЛексикон
_c2022
_f(София : Булгед)
_n978-619-220-
300 _a241 с.
_c21 см
380 _aX
501 _aСъдържа разкази от: Вероника Иванова, Галина Димитрова, Ирена Стоянова, Краси Николова, Кристина Палазова, Марина Кирова-Борисова, Нели Драганова, Нина Михайлова, Сияна Янева, Стоилка Димитрова, Яна Йорданова.
852 _aЦб 321437
_bЦб
856 _i0.00
_ldisable
942 _cKNG
_n0
_04
944 _c2024
_k30530
_lМинев Младен
999 _c489292
_d489292